[Event "Nordic-ch"]
[Site "Sarpsborg"]
[Date "2019.06.21"]
[Round "1"]
[White "Vestby Ellingsen, Mads"]
[Black "Stabbetorp, Jon Anders"]
[Result "1-0"]
[WhiteElo "2345"]
[BlackElo "1817"]
[PlyCount "27"]
[EventDate "2019.06.21"]
[EventType "swiss"]
[EventRounds "9"]
[EventCountry "NOR"]
[SourceTitle "CBM 191 Extra"]
[Source "ChessBase"]
[SourceDate "2019.09.30"]
[SourceVersion "1"]
[SourceVersionDate "2019.09.30"]
[SourceQuality "1"]

1. d4 Nf6 2. Nf3 b6 3. g3 Bb7 4. Bg2 d6 5. c4 Nbd7 6. Nc3 e5 7. 0-0 exd4 8. Nxd4 Bxg2 9. Kxg2 Nc5 10. e4 g6 11. Re1 Be7 12. Nc6 Qd7 13. Nxe7 Qxe7 14. Nd5 1-0